Statistieken voor Buurlanden Van China

Klik hier om de quiz te nemen!

Algemene statistieken

  • Deze quiz is 32 keer genomen
  • De gemiddelde score is 11 van 13

Antwoordstatistieken

Antwoord% Correct
India
100%
Kazachstan
100%
Rusland
100%
Nepal
96%
Laos
93%
Mongolie
93%
Pakistan
93%
Vietnam
93%
Bhutan
89%
Myanmar/Birma
89%
Tadzjikistan
82%
Afganistan
39%
Kirgistan
39%

Scoreverdeling

Percentiel versus Aantal Correcte Antwoorden

Procent van Mensen met Elke Score

Uw Scoregeschiedenis

U heeft deze quiz nog niet genomen